Riadenie hodnoty stavebného diela
Salvato in:
| Autore principale: | |
|---|---|
| Natura: | Libro |
| Lingua: | slovacco |
| Pubblicazione: |
Bratislava
Vydavateľstvo STU
1998
|
| Soggetti: | |
| Tags: |
Nessun Tag, puoi essere il primo ad aggiungerne!!
|
MARC
| LEADER | 00000nam a2200000 4500 | ||
|---|---|---|---|
| 001 | c109228 | ||
| 005 | 20230116124728.1 | ||
| 020 | |a 80-227-1084-9 | ||
| 041 | 0 | |a slo | |
| 044 | |a SK | ||
| 245 | 1 | 0 | |a Riadenie hodnoty stavebného diela |c Igor Trávnik a kolektív |
| 264 | 1 | |a Bratislava |b Vydavateľstvo STU |c 1998 | |
| 300 | |a 207 s. | ||
| 610 | 2 | 0 | |a stavebníctvo |
| 610 | 2 | 0 | |a stavby |
| 610 | 2 | 0 | |a hodnota |
| 610 | 2 | 0 | |a náklady |
| 610 | 2 | 0 | |a optimalizácia |
| 610 | 2 | 0 | |a postupy pracovné |
| 610 | 2 | 0 | |a riadenie optimálne |
| 610 | 2 | 0 | |a riadenie projektové |
| 610 | 2 | 0 | |a projekty stavebné |
| 610 | 2 | 0 | |a ceny |
| 610 | 2 | 0 | |a proces investičný |
| 610 | 2 | 0 | |a plán |
| 610 | 2 | 0 | |a plánovanie |
| 610 | 2 | 0 | |a efektívnosť ekonomická |
| 610 | 2 | 0 | |a riziko |
| 610 | 2 | 0 | |a kalkulácia nákladov |
| 610 | 2 | 0 | |a analýza nákladov |
| 610 | 2 | 0 | |a modely |
| 610 | 2 | 0 | |a rozhodovanie |
| 610 | 2 | 0 | |a cyklus výrobku životný |
| 610 | 2 | 0 | |a výstavba investičná |
| 100 | 1 | |a Trávnik, Igor | |